Municipal and rural sanitation (Record no. 12109)

000 -LEADER
fixed length control field 00625nam a22002171 4500
001 - CONTROL NUMBER
control field 12109
003 - CONTROL NUMBER IDENTIFIER
control field BD-DhUET
008 - FIXED-LENGTH DATA ELEMENTS--GENERAL INFORMATION
fixed length control field 720914s1965 nyua b 000 0 eng
040 ## - CATALOGING SOURCE
Original cataloging agency DLC
Transcribing agency DLC
Modifying agency BD-DhUET
082 ## - DEWEY DECIMAL CLASSIFICATION NUMBER
Classification number 628
Item number EHL/1965
100 ## - MAIN ENTRY--PERSONAL NAME
Personal name Ehlers, Victor M.
245 10 - TITLE STATEMENT
Title Municipal and rural sanitation
250 ## - EDITION STATEMENT
Edition statement 6th ed.
260 ## - PUBLICATION, DISTRIBUTION, ETC. (IMPRINT)
Place of publication, distribution, etc. New Delhi
Name of publisher, distributor, etc. Tata McGraw-Hill
Date of publication, distribution, etc. 1965
300 ## - PHYSICAL DESCRIPTION
Extent xiv, 663 p.
Other physical details ill.
Dimensions 24 cm.
490 0# - SERIES STATEMENT
Series statement McGraw-Hill series in sanitary science and water resources engineering
504 ## - BIBLIOGRAPHY, ETC. NOTE
Bibliography, etc Includes bibliographies
650 #0 - SUBJECT ADDED ENTRY--TOPICAL TERM
Topical term or geographic name as entry element Sanitary engineering
700 ## - ADDED ENTRY--PERSONAL NAME
Personal name Steel, Ernest W.
942 ## - ADDED ENTRY ELEMENTS (KOHA)
Koha item type General Book
Holdings
Copy number Koha item type Damaged status Location (home branch) Source of classification or shelving scheme Piece designation (barcode) Date acquired Koha date last seen Price effective from Withdrawn status Shelving location Koha full call number Not for loan Sublocation or collection (holding branch) Koha normalized classification for sorting Lost status
1General Book Central Library, BUET 548232015-02-232015-02-232015-02-23 Circulation section628/EHL/1965 Central Library, BUET628_000000000000000_EHL_1965 
2General Book Central Library, BUET 573402015-05-062015-05-062015-05-06 Circulation section628/EHL/1965 Central Library, BUET628_000000000000000_EHL_1965 
3General Book Central Library, BUET 573412015-05-062015-05-062015-05-06 Circulation section628/EHL/1965 Central Library, BUET628_000000000000000_EHL_1965 
4General Book Central Library, BUET 427262015-05-072015-05-072015-05-07 Circulation section628/EHL/1958 Central Library, BUET628_000000000000000_EHL_1958 
5General Book Central Library, BUET 195152015-05-072015-05-072015-05-07 Circulation section628/EHL/1965 Central Library, BUET628_000000000000000_EHL_1965 
6General Book Central Library, BUET 207852015-05-072015-05-072015-05-07 Circulation section628/EHL/1965 Central Library, BUET628_000000000000000_EHL_1965 
7General Book Central Library, BUET 195142015-05-072015-05-072015-05-07 Circulation section628/EHL/1965 Central Library, BUET628_000000000000000_EHL_1965 
8General Book Central Library, BUET 258512015-05-072015-05-072015-05-07 Circulation section628/EHL/1965 Central Library, BUET628_000000000000000_EHL_1965 
9General Book Central Library, BUET 207842015-05-072015-05-072015-05-07 Circulation section628/EHL/1965 Central Library, BUET628_000000000000000_EHL_1965